Využitie drahých kovov ako alternatívneho platobného prostriedku bakalárska práca

Salvato in:
Dettagli Bibliografici
Autore principale: Mitala, Denis
Ente Autore: Fakulta hospodárskej informatiky EU. Katedra účtovníctva a audítorstva
Altri autori: Parajka, Branislav, 1981-
Natura: Libro
Lingua:slovacco
Pubblicazione: Bratislava 2023
Tags: Aggiungi Tag
Nessun Tag, puoi essere il primo ad aggiungerne!!

MARC

LEADER 00000nbm a2200000 4500
001 0295100
005 20240208131240.1
041 0 |a slo 
044 |a SK 
245 1 0 |a Využitie drahých kovov ako alternatívneho platobného prostriedku  |b bakalárska práca  |c Denis Mitala ; školiteľ: Branislav Parajka 
264 1 |a Bratislava  |c 2023 
300 |a 41 s. 
100 1 |a Mitala, Denis 
700 1 |a Parajka, Branislav, 1981- 
710 2 |a Fakulta hospodárskej informatiky EU. Katedra účtovníctva a audítorstva